[Event "EU Union-ch U14"]
[Site "Kouty nad Desnou"]
[Date "2018.08.12"]
[Round "6"]
[White "Bondarevskaja, Emilin"]
[Black "Irjala, Arttu"]
[Result "1-0"]
[WhiteElo "1337"]
[BlackElo "1273"]
[PlyCount "55"]
[EventDate "2018.08.07"]
[EventType "swiss"]
[EventRounds "9"]
[EventCountry "CZE"]
[SourceTitle "CBM 186 Extra"]
[Source "ChessBase"]
[SourceDate "2018.08.24"]
[SourceVersion "1"]
[SourceVersionDate "2018.08.24"]
[SourceQuality "1"]

1. c4 e5 2. Nc3 Nc6 3. g3 f5 4. Bg2 Bb4 5. e3 d6 6. Nge2 Bd7 7. a3 Bxc3 8. Nxc3 Qe7 9. Nd5 Qd8 10. d4 Nf6 11. 0-0 Qc8 12. Nxf6+ gxf6 13. Qh5+ Kd8 14. Qf7 Ne7 15. Qxf6 Rg8 16. dxe5 dxe5 17. Qxe5 h5 18. Rd1 Rg6 19. e4 fxe4 20. Bg5 Rxg5 21. Qxg5 Ke8 22. Qxh5+ Kf8 23. Bxe4 Ng8 24. Qf3+ Ke8 25. Bxb7 Qb8 26. Bxa8 Qxb2 27. Re1+ Kd8 28. Qf8+ 1-0